Countries of the Americas by Population - Statistics

General Stats
  • This quiz has been taken 824 times
  • The average score is 33 of 35
Answer Stats
Population Country % Correct
B 217 mil Brazil
100%
M 129 mil Mexico
100%
U 341 mil United States
100%
A 46 mil Argentina
99%
C 39 mil Canada
99%
C 52 mil Colombia
98%
P 34 mil Peru
98%
V 29 mil Venezuela
98%
E 18 mil Ecuador
97%
B 12 mil Bolivia
96%
C 19 mil Chile
96%
H 11.8 mil Haiti
96%
D 11.4 mil Dominican Republic
95%
G 18 mil Guatemala
95%
H 10.7 mil Honduras
94%
N 7.1 mil Nicaragua
94%
C 11.1 mil Cuba
93%
J 2.8 mil Jamaica
93%
P 6.9 mil Paraguay
93%
U 3.4 mil Uruguay
93%
E 6.3 mil El Salvador
92%
P 4.5 mil Panama
92%
T 1.5 mil Trinidad and Tobago
92%
C 5.2 mil Costa Rica
91%
G 818 k Guyana
91%
S 620 k Suriname
91%
B 415 k Belize
90%
A 94 k Antigua And Barbuda
89%
B 414 k Bahamas
89%
B 282 k Barbados
89%
D 73 k Dominica
89%
S 47 k Saint Kitts & Nevis
89%
G 126 k Grenada
88%
S 180 k Saint Lucia
88%
S 103 k Saint Vincent & The Grenadines
87%
No matching quizzes found
Score Distribution
Percent of People with Each Score
Percentile by Number Answered
Your Score History
You have not taken this quiz